Loading...
Science - Biology | 0 | 5 | 0 | 1 | 50 | 88 | 106.20 | 0 | 2 |
Beliefs - Religion | 0 | 3 | 0 | 2 | 30 | 112 | 122.33 | 0 | 0 |
Thought - Social Science | 1 | 1 | 0 | 1 | 25 | 56 | 91.50 | 1 | 1 |
Other - Geo/CE | 1 | 0 | 0 | 0 | 15 | 36 | 36.00 | 1 | 1 |
History - Other History | 0 | 1 | 0 | 0 | 10 | 96 | 96.00 | 0 | 1 |
History - World History | 0 | 1 | 0 | 0 | 10 | 98 | 98.00 | 1 | 1 |
Arts - Music | 0 | 1 | 0 | 0 | 10 | 86 | 86.00 | 0 | 1 |
Other - Other Academic | 0 | 1 | 0 | 0 | 10 | 95 | 95.00 | 0 | 0 |
Arts - Painting | 0 | 1 | 0 | 0 | 10 | 107 | 107.00 | 0 | 1 |
Beliefs - Mythology | 0 | 1 | 0 | 0 | 10 | 118 | 118.00 | 0 | 1 |
History - American History | 0 | 1 | 0 | 0 | 10 | 115 | 115.00 | 0 | 0 |
Science - Biology | 0 | 1 | 0 | 0 | 10 | 124 | 124.00 | 0 | 1 |
Science - Engineering | 0 | 1 | 0 | 0 | 10 | 84 | 84.00 | 1 | 1 |
Science - Physics | 1 | 0 | 1 | 0 | 10 | 49 | 49.00 | 1 | 1 |
Science - Other Science | 0 | 1 | 1 | 0 | 5 | 78 | 78.00 | 0 | 1 |
Literature - World Lit | 0 | 0 | 1 | 0 | -5 | 0.00 | 0 | 0 | |
Other - Other Academic | 0 | 0 | 1 | 0 | -5 | 0.00 | 0 | 0 | |
Science - Chemistry | 0 | 0 | 1 | 0 | -5 | 0.00 | 0 | 0 |